Csend a Dóm téren [festmény] /

Elmentve itt :
Bibliográfiai részletek
Szerző: Pataj Mihály
Dokumentumtípus: Cikk
Megjelent: 1968-06-16
Sorozat:Délmagyarország 58 No. 140
Kulcsszavak:Pataj Mihály, Cs., Festészet Szeged 1968
Online Access:http://dmarchiv.bibl.u-szeged.hu/62928
LEADER 00487nab a2200157 i 4500
001 delm62928
005 20180927151302.0
008 180927s1968 hu o 0|| hun d
040 |a SZTE Délmagyarország Archívum  |b hun 
041 |a hun 
100 1 |a Pataj Mihály, 
245 1 0 |a Csend a Dóm téren   |h [elektronikus dokumentum] :  |b [festmény] /  |c Cs. Pataj Mihály, 
260 |c 1968-06-16 
300 |a 7 
490 0 |a Délmagyarország  |v 58 No. 140 
695 |a Pataj Mihály, Cs., Festészet Szeged 1968